| 000 | 00414nam a22001217a 4500 | ||
|---|---|---|---|
| 082 |
_a363.1251091724 _bHIL _cD |
||
| 245 | _aThe Costs of Traffic Accidents and The Valuation of Accident-Prevention in Less-Developed Countries | ||
| 260 |
_aEngland _bUniversity of Newcastle Upon Tyne |
||
| 300 |
_aii, P-155 : _bill ; _c24 cm _eD |
||
| 526 |
_a0 _b0 _c0 _d363_125109172400000_HIL |
||
| 650 |
_aD _96527 |
||
| 942 |
_2ddc _cBK |
||
| 999 |
_c542723 _d542723 |
||